Länder Nordamerikas ohne Karte - Statistiken

Allgemein
  • Dieses Quiz wurde 78 mal gespielt
  • Das Durchschnittsergebnis liegt bei 20 aus 23
Antwortstatistiken
Antwort % Korrekt
Usa
97%
Kanada
95%
Haiti
93%
Mexiko
93%
Costa Rica
92%
Kuba
92%
Honduras
90%
Jamaika
90%
Panama
90%
El Salvador
89%
Guatemala
89%
Barbados
87%
Dominikanische Republik
87%
Nicaragua
87%
Belize
85%
St Lucia
85%
Bahamas
84%
St Kitts
84%
Antigua and Barbuda
82%
Dominica
82%
St Vincent
82%
Grenada
79%
Trinidad and Tribago
77%
Keine übereinstimmenden Quizze gefunden
Verteilung der Resultate
Anzahl Personen mit jedem Resultat
Perzentil nach korrekt beantworteten Fragen
Ihre Resultats-Entwicklung
Sie haben dieses Quiz noch nicht gespielt